000 00888nam a2200217Ia 4500
003 OSt
005 20251021165407.0
008 221004b |||||||| |||| 00| 0 pan d
020 _a9789385646096 (hbk)
037 _cTB
040 _aCRL
_cCRL
_bpun
041 _2pun
_apun
084 _aΔ2y7M63 153Q6
_qCRL
100 _aਬੱਦਲ, ਬਲਦੇਵ ਸਿੰਘ, ੳਗ.
_9818102
245 0 _aਸਵਾਸੀ ਵਿਵੇਕਾਨੰਦ ਦੀ ਬਾਣੀ ਚਾਰ ਯੋਗ ਅਤੇ ਸ੍ਰੇFਟ ਕਹਾਣੀਆਂ
260 _aਜਲੰਧਰ:
_bਦੀਪਕ ਪਬਲਿFਰਗ਼ ਭਾਰਤ,
_c2016.
300 _a175ਪ0
_ccm.
650 _aਅਧਿਆਤਮਵਾਦ
_9849083
942 _hΔ2y7M63 153Q6
_cTEXL
_2CC
_n0
999 _c1025506
_d1025506